00291nam a2200121Ia 4500008004100000082001300041100001500054245004300069250000800112260003300120300000800153650000800161191201s2010 xx 000 0 und d a658bPRP aPRASAD, LM 0aPrinciples and Practices of Management aRep aN. DelhibSultan Chandc2010 a884 aBBA